[Event "1st Maksym Yusupov Mem"]
[Site "Lviv UKR"]
[Date "2013.02.03"]
[Round "6.4"]
[White "Yaremko,N"]
[Black "Soroka,Danylo"]
[Result "1-0"]
[WhiteElo "2306"]
[BlackElo "2125"]

1.e4 c5 2.Nf3 Nc6 3.Bb5 g6 4.O-O Bg7 5.c3 Nf6 6.Re1 O-O 7.d4 cxd4 8.cxd4 d6
9.Nc3 Bg4 10.Be3 Nd7 11.Be2 a6 12.Rc1 Qa5 13.h3 Bxf3 14.Bxf3 Rac8 15.Qd2 b5
16.Red1 b4 17.Nd5 Rfe8 18.a3 Qb5 19.Be2 Qb7 20.Nxb4 Nxb4 21.Qxb4 Qxb4 22.axb4 Rb8
23.Bxa6 Rxb4 24.Rd2 Reb8 25.Rc7 Nf6 26.f3 Bf8 27.Rcc2 Nd7 28.d5 Nb6 29.Bxb6 R8xb6
30.Bc4 Bh6 31.Re2 Rb8 32.b3 Bg7 33.Red2 Be5 34.Ra2 Kg7 35.Kf2 g5 36.Ra6 Kf6
37.Rda2 Bd4+ 38.Ke2 Ke5 39.g3 h6 40.Rc6 R4b7 41.h4 gxh4 42.gxh4 Kf4  1-0

[Event "Moscow Open A 2013"]
[Site "Moscow RUS"]
[Date "2013.02.03"]
[Round "2.2"]
[White "Mamedov,Rau"]
[Black "Stany,G"]
[Result "1-0"]
[WhiteElo "2651"]
[BlackElo "2456"]

1.e4 c5 2.Nf3 Nc6 3.Bb5 e6 4.O-O Nge7 5.Re1 a6 6.Bf1 d5 7.d3 d4 8.e5 Ng6
9.g3 f6 10.exf6 gxf6 11.h4 e5 12.h5 Nge7 13.Nfd2 Rg8 14.Ne4 Nd5 15.c4 Nc7
16.h6 Be7 17.Bg2 Be6 18.a3 a5 19.f4 Qd7 20.fxe5 fxe5 21.Nbd2 Bf5 22.Rf1 O-O-O
23.b4 axb4 24.axb4 Nxb4 25.Ba3 Nca6 26.Bxb4 cxb4 27.Ra5 Bxe4 28.Nxe4 Qc7
29.Rb5 Rdf8 30.Rxf8+ Bxf8 31.Qh5 Rg6 32.Qf5+  1-0

[Event "TCh-SWE Elite 2012-13"]
[Site "Sweden SWE"]
[Date "2013.02.03"]
[Round "4"]
[White "Sagit,R"]
[Black "Eriksson,Simon"]
[Result "1-0"]
[WhiteElo "2356"]
[BlackElo "2098"]

1.e4 c5 2.Nf3 Nc6 3.Bb5 g6 4.O-O Bg7 5.Re1 Nf6 6.e5 Nd5 7.Nc3 Nc7 8.Bxc6 dxc6
9.Ne4 Ne6 10.d3 O-O 11.Be3 b6 12.Qd2 f5 13.exf6 exf6 14.Bh6 Re8 15.Bxg7 Kxg7
16.Qc3 Nd4 17.Nxd4 Qxd4 18.Qxd4 cxd4 19.Nd6 Re5 20.f4 Re3 21.Rxe3 dxe3 22.Re1 Bg4
23.Rxe3 Kf8 24.Ne4 Re8 25.Kf2 Kg7 26.Re1 Bd7 27.b4 h6 28.a3 g5 29.g3 Kg6
30.Ra1 Bf5 31.Nd6 Re6 32.Nc4 h5 33.h4 Re7 34.hxg5 fxg5 35.Ne5+ Kf6 36.Nxc6 Rc7
37.fxg5+ Kxg5 38.Nd4 Bc8 39.Re1 Rf7+ 40.Nf3+ Kh6 41.Re4 Bb7 42.Rf4  1-0

[Event "TCh-SWE Elite 2012-13"]
[Site "Sweden SWE"]
[Date "2013.02.03"]
[Round "4"]
[White "Lokander,M"]
[Black "Scheid,Adam"]
[Result "1-0"]
[WhiteElo "2250"]
[BlackElo "2009"]

1.e4 c5 2.Nf3 Nc6 3.Bb5 g6 4.O-O Bg7 5.c3 Nf6 6.d4 cxd4 7.cxd4 a6 8.Bxc6 dxc6
9.Nc3 Bg4 10.Be3 O-O 11.h3 Bxf3 12.Qxf3 Qa5 13.a3 Nd7 14.b4 Qc7 15.Rac1 Nb6
16.Qe2 f5 17.exf5 Rxf5 18.g4 Rff8 19.d5 Rad8 20.Bc5 Nxd5 21.Nxd5 Rxd5 22.Bxe7 Re8
23.Qe6+ Kh8 24.Qxd5 Qxe7 25.Qf3 Rf8 26.Qg3 Bb2 27.Rce1 Qf6 28.Kg2 g5 29.Re3 Qd4
30.Rfe1 Qd5+ 31.Kg1 Qf7 32.Re7 Qg6 33.Qe3 Qf6 34.Re8 h6 35.Re2 Kg7 36.Rxf8 Qxf8
37.Rxb2 Qd6 38.Rd2  1-0

[Event "ch-TUR 2013"]
[Site "Antalya TUR"]
[Date "2013.02.04"]
[Round "4.30"]
[White "Ozalp,B"]
[Black "Hatipli,Mehmet"]
[Result "1-0"]
[WhiteElo "2022"]
[BlackElo "1813"]

1.e4 c5 2.Nf3 Nc6 3.Bb5 d6 4.O-O Bg4 5.c3 Qb6 6.Na3 a6 7.Ba4 Nf6 8.Re1 e5
9.d4 Nd7 10.d5 Ncb8 11.b4 Be7 12.bxc5 Qxc5 13.c4 O-O 14.Rb1 b6 15.Qb3 f5
16.h3 Bxf3 17.Qxf3 Qa5 18.Qd1 Nc5 19.Bc2 f4 20.Qe2 Nbd7 21.Rd1 Rf6 22.Qf3 Nb7
23.Bd2 Qc5 24.Ba4 Nb8 25.Rb3 Na5 26.Bb4 Qc8 27.Bxa5 bxa5 28.Rdb1 Bf8 29.Qg4 Qc5
30.R1b2 Rg6 31.Qf3 h6 32.Rxb8 Rxb8 33.Rxb8 Rg3 34.Qh5 f3 35.Rxf8+ Kxf8 36.Qe8+  1-0

[Event "Moscow Open F 2013"]
[Site "Moscow RUS"]
[Date "2013.02.04"]
[Round "3.1"]
[White "Firat,B"]
[Black "Reshetnikov,Al"]
[Result "1-0"]
[WhiteElo "2406"]
[BlackElo "2508"]

1.e4 c5 2.Nf3 Nc6 3.Bb5 d6 4.O-O Bd7 5.Re1 a6 6.Bxc6 Bxc6 7.d4 cxd4 8.Nxd4 Rc8
9.Bg5 Bd7 10.Nc3 Nf6 11.Bxf6 gxf6 12.Nd5 e6 13.Nf5 Rg8 14.Qh5 Rg6 15.Qxh7 Rxc2
16.h4 Bc6 17.Rad1 Rxb2 18.Qh8 Bxd5 19.exd5 Qb6 20.Rf1 Re2 21.dxe6 Rxe6 22.Rfe1 Qb4
23.Nxd6+ Ke7 24.Nf5+ Ke8 25.Nd6+ Ke7 26.Nf5+ Ke8 27.Rxe6+ fxe6 28.Nd6+ Ke7
29.Qh7+ Rg7 30.Qh5 Qxd6 31.Rxd6 Kxd6 32.Qe8 Kd5  1-0

[Event "35th Georgi Tringov Open"]
[Site "Plovdiv BUL"]
[Date "2013.02.04"]
[Round "2.4"]
[White "Spasov,V"]
[Black "Gocheva,R"]
[Result "1-0"]
[WhiteElo "2567"]
[BlackElo "2127"]

1.e4 c5 2.Nf3 Nc6 3.Bb5 Nf6 4.Bxc6 dxc6 5.d3 Bg4 6.h3 Bh5 7.Nc3 Nd7 8.g4 Bg6
9.Bf4 f6 10.e5 Qa5 11.Bd2 c4 12.d4 fxe5 13.Qe2 O-O-O 14.O-O-O exd4 15.Nxd4 e5
16.Ne6 Re8 17.Nxf8 Rhxf8 18.Qxc4 Nb6 19.Qe2 Bf7 20.b3 Qa3+ 21.Kb1 Bd5 22.Nxd5 Nxd5
23.c4 Nf4 24.Qe4 h6 25.Be3 Rf7 26.Rd2 Qa5 27.h4 Ne6 28.Qg6 Rfe7 29.g5 h5
30.Qxh5 e4 31.Qg4 Kb8  1-0

[Event "ch-TUR 2013"]
[Site "Antalya TUR"]
[Date "2013.02.05"]
[Round "5.55"]
[White "Eden,Y"]
[Black "Kiremitciyan,Ari"]
[Result "1/2-1/2"]
[WhiteElo "1839"]
[BlackElo "1708"]

1.e4 c5 2.Nf3 Nc6 3.Bb5 d6 4.Bxc6+ bxc6 5.O-O e5 6.c3 Be7 7.d4 cxd4 8.cxd4 Qc7
9.Qc2 Rb8 10.Be3 Nf6 11.h3 O-O 12.Nbd2 exd4 13.Bxd4 Be6 14.Rac1 Rfc8 15.Rfd1 c5
16.b3 Qb6 17.Ba1 d5 18.exd5 Bxd5 19.Be5 Rb7 20.Nc4 Bxc4 21.Qxc4 Qb4 22.Bxf6 Qxc4
23.Rxc4 Bxf6 24.Rdc1 Rbc7 25.Nd2 Bg5 26.f4 Bf6 27.Ne4 Bd4+ 28.Kh2 Be3 29.Rf1 Rc6
30.Nc3 Rd8 31.Rf3 Bd2 32.Ne4 Bb4 33.Rf1 Rd4 34.Rfc1 Rxc4 35.Rxc4 f5 36.Nc3 Ra6
37.Na4 g6 38.Kg3 h6 39.Kf3 Kf7 40.Rc2 Kf6 41.g3 Rc6 42.Nb2 Rd6 43.Nc4 Rd3+
44.Kf2 Bc3 45.Re2 Kf7 46.Kg2 Rd1  1/2-1/2

[Event "ch-TUR 2013"]
[Site "Antalya TUR"]
[Date "2013.02.05"]
[Round "6.35"]
[White "Onem,C"]
[Black "Ozen,A"]
[Result "1/2-1/2"]
[WhiteElo "1949"]
[BlackElo "1679"]

1.e4 c5 2.Nf3 Nc6 3.Bb5 g6 4.Bxc6 dxc6 5.h3 Bg7 6.d3 Nf6 7.Nc3 O-O 8.Be3 b6
9.Qd2 Ne8 10.O-O Nc7 11.Bh6 Ne6 12.Bxg7 Kxg7 13.Rad1 Qc7 14.Ne2 Ba6 15.Qc3+ Kg8
16.Ne5 Rad8 17.f4 Nd4 18.Nxd4 Rxd4 19.Nf3 Rd7 20.Kh1 f6 21.e5 Bc8 22.d4 Rd5
23.dxc5 bxc5 24.Rd2 fxe5 25.fxe5 Bf5 26.Re2 Be6 27.b3 Qd7 28.Kh2 Rf5 29.Rfe1 Rh5
30.Ng1 Rd4 31.Qxc5 Rdh4 32.Qe3 Bd5 33.c4 Be4 34.Rd2 Qf5 35.Qg3 Rg4 36.Qc3 Rf4
37.Rde2 Bd3 38.Rd2 Bf1 39.Rd8+ Kg7 40.e6+ Kh6 41.Qe3 g5  1/2-1/2

[Event "ch-TUR 2013"]
[Site "Antalya TUR"]
[Date "2013.02.05"]
[Round "6.14"]
[White "Okus,M"]
[Black "Demir,G"]
[Result "1-0"]
[WhiteElo "2000"]
[BlackElo "2231"]

1.e4 c5 2.Nf3 Nc6 3.Bb5 Nf6 4.e5 Nd5 5.O-O g6 6.Re1 Bg7 7.Nc3 Nc7 8.Bxc6 dxc6
9.h3 Ne6 10.d3 O-O 11.Ne4 b6 12.a4 a5 13.Neg5 Ra7 14.Qe2 h6 15.Nxe6 Bxe6
16.Nh2 Qd4 17.Ng4 Kh7 18.c3 Qd8 19.Bf4 Rd7 20.Red1 Bf5 21.Qf3 Qc8 22.Rd2 Rfd8
23.Rad1 Be6 24.Qe3 h5 25.Nh2 Bb3 26.Ra1 Bc4 27.Rad1 Bb3 28.Ra1 Qa6 29.d4 b5
30.Nf3 Rd5 31.Ng5+ Kg8 32.e6 f6 33.Nf7 g5 34.Bxg5 fxg5 35.Nxd8 Rxd8 36.Qxg5 Bxe6
37.Re1 Qc8 38.Rde2 Bf7 39.Rxe7 Rd5 40.Qg3 cxd4 41.axb5 d3 42.b6 d2 43.Rd1 Qd8
44.Qc7 Bf8 45.Rxf7 Qe8 46.Rxf8+ Kxf8 47.Qf4+ Qf7 48.Qxf7+ Kxf7 49.b7 Rb5
50.Rxd2 Rxb7 51.Kf1 Ke6 52.Ke2 a4 53.Ke3 h4 54.Rd4 a3 55.bxa3 Rb3 56.Kd3 Rb2
57.Re4+ Kd5 58.Re2 Rb3 59.Ra2 c5 60.a4 c4+ 61.Kd2 Rb6 62.a5 Ra6 63.Ke3 Ke5
64.f4+  1-0

[Event "ch-TUR 2013"]
[Site "Antalya TUR"]
[Date "2013.02.05"]
[Round "6.96"]
[White "Yazici,Ugur Doga"]
[Black "Kayaman,M"]
[Result "1/2-1/2"]
[WhiteElo "1586"]
[BlackElo "1908"]

1.e4 c5 2.Nf3 Nc6 3.Bb5 a6 4.Bxc6 bxc6 5.O-O Nf6 6.Re1 d6 7.e5 dxe5 8.Nxe5 Bb7
9.d3 e6 10.Nd2 Bd6 11.Ndc4 Be7 12.Bd2 O-O 13.Ba5 Qe8 14.Bc7 Qc8 15.Bd6 Bxd6
16.Nxd6 Qc7 17.Nxb7 Qxb7 18.Nc4 Rfd8 19.Qf3 Rd5 20.Rab1 Rad8 21.g4 h6 22.h3 h5
23.Qg3 hxg4 24.hxg4 Rg5 25.Ne3 Nxg4 26.f4  1/2-1/2

[Event "1st Maksym Yusupov Mem"]
[Site "Lviv UKR"]
[Date "2013.02.05"]
[Round "9.2"]
[White "Buturin,V"]
[Black "Melnichuk,M"]
[Result "0-1"]
[WhiteElo "2218"]
[BlackElo "2354"]

1.e4 c5 2.Nf3 Nc6 3.Bb5 e6 4.O-O Nge7 5.Re1 Nd4 6.Nxd4 cxd4 7.d3 g6 8.Nd2 Bg7
9.Ba4 O-O 10.Nf3 d6 11.Bd2 Bd7 12.Bb3 h6 13.c3 Nc6 14.Ba4 dxc3 15.Bxc3 Ne5
16.Bxd7 Qxd7 17.d4 Nxf3+ 18.Qxf3 Rfc8 19.h4 Rc4 20.Rad1 b5 21.b3 Rc6 22.Qd3 a6
23.Ba5 d5 24.e5 Qe7 25.g3 Qa3 26.Qd2 Bf8 27.Rc1 Rac8 28.Rxc6 Rxc6 29.h5 gxh5
30.Kg2 Qe7 31.Rh1 Qg5 32.Qxg5+ hxg5 33.Bd2 Be7 34.Rc1 Rxc1 35.Bxc1 g4 36.f3 Kh7
37.fxg4 hxg4 38.Kf2 Kg6 39.Ke2 Kf5 40.Kd3 f6 41.Bf4 fxe5 42.Bxe5 Bf6 43.Bc7 e5
44.Ba5 Bg5 45.Be1 Bc1 46.Ke2 Ke4 47.dxe5 Kxe5 48.Kd3 Bb2 49.Ba5 Ba3 50.Be1 Bc5
51.Bd2 Bd6 52.Be1 Bc7 53.Bf2 Ba5 54.Bd4+ Kd6 55.Bf2 Bc7 56.Be1 Ke5 57.Bf2 Kd6
58.Ke2 Kc6 59.Kd3 Bd6 60.Kc3 Bc5 61.Be1 Bg1 62.Kd3 Kc5 63.a3 Kd6 64.Bd2 Bc5
65.a4 bxa4 66.bxa4 Bf2 67.Bf4+ Kc5 68.Kc3 Be1+ 69.Kd3 Ba5  0-1

[Event "Moscow Open B 2013"]
[Site "Moscow RUS"]
[Date "2013.02.06"]
[Round "5.5"]
[White "Komiagina,M"]
[Black "Iljushina,O"]
[Result "0-1"]
[WhiteElo "2242"]
[BlackElo "2317"]

1.e4 c5 2.Nf3 Nc6 3.Bb5 g6 4.Bxc6 dxc6 5.d3 Bg7 6.h3 Nf6 7.Nc3 Nd7 8.Be3 e5
9.Qd2 h6 10.O-O Qe7 11.Nh2 Nf8 12.f4 exf4 13.Bxf4 Ne6 14.Bg3 Qg5 15.Qe1 Nd4
16.Qf2 O-O 17.Bd6 Bxh3 18.Bf4 Qxg2+ 19.Qxg2 Bxg2 20.Kxg2 Nxc2 21.Rad1 Rad8
22.Bc1 Rd7 23.Ng4 h5 24.Nf6+ Bxf6 25.Rxf6 Rxd3 26.Rdf1 Rd7 27.Bf4 Re8 28.e5 Rd4
29.Kh3 Nb4 30.Bg3 Re7 31.e6 Rxe6 32.Rxf7 Re3 33.R1f3 Rxf3 34.Rxf3 Rd2 35.Be5 Rd3
36.Rxd3 Nxd3 37.Bb8 Nxb2 38.Bxa7 c4 39.Kh4 b5 40.a3 Na4 41.Ne4 c3 42.Kg5 c2
43.Be3 Kf7 44.Nf2 Nc5 45.Kf4 Nb3 46.Nd3 Kf6 47.Ke4 c5 48.Ne5 c4 49.Nf3 c1=Q
50.Bxc1 Nxc1 51.Nd4 h4 52.Nxb5 h3 53.Kf3 Ne2 54.Nd6 h2 55.Ne4+ Ke5 56.Nf2 Nd4+
57.Kg2 c3 58.Kxh2 c2 59.Nd3+ Ke4 60.Nc1 Kf3 61.a4 g5 62.a5 g4 63.a6 g3+ 64.Kh3 Nc6
65.Nd3 g2 66.Kh2 Ke2 67.Nc1+ Kf1  0-1

[Event "ch-TUR 2013"]
[Site "Antalya TUR"]
[Date "2013.02.07"]
[Round "8.76"]
[White "Soysal,I"]
[Black "Patel,Y"]
[Result "0-1"]
[WhiteElo "1717"]
[BlackElo "1896"]

1.e4 c5 2.Nf3 Nc6 3.Bb5 g6 4.O-O Bg7 5.Re1 a6 6.Bxc6 bxc6 7.c3 d6 8.d3 Nh6
9.Be3 f6 10.Qb3 Nf7 11.Nbd2 Bd7 12.Nc4 O-O 13.Rab1 a5 14.a4 Rb8 15.Qc2 e5
16.h3 Be6 17.Ncd2 f5 18.exf5 gxf5 19.Bf4 Qd7 20.Bh2 Kh8 21.Kh1 Rg8 22.c4 Rbe8
23.Ng1 Bf6 24.f4 exf4 25.Bxf4 Ne5 26.Ndf3 Qg7 27.Bxe5 dxe5 28.Re2 e4 29.dxe4 fxe4
30.Nh2 Bf5 31.g4 Bg6 32.Re3 Bd4 33.Qe2 Bxe3 34.Qxe3 Qd4 35.Nf1 Rgf8 36.Kg2 Qd3
37.Qxd3 exd3 38.Nd2 Re3 39.Rd1 Rfe8 40.Nb3 Rb8 41.Kf2 Re5 42.Nxa5 Rxb2+ 43.Kf3 Re6
44.h4 Rf6+ 45.Ke3 Re6+ 46.Kf3 Be4+ 47.Ke3 Bg2+ 48.Kf4 d2 49.Nb3 Re1 50.Rxd2 Rxd2
51.Nxd2 Rxg1 52.a5 Ra1 53.Nb3 Ra3 54.Nxc5 Rxa5 55.Nd3 Bf1 56.Ne5 c5 57.Ke4 Kg7
58.g5 Bg2+ 59.Kf5 Ra1 60.h5 Rf1+ 61.Ke6 Rd1 62.h6+ Kg8 63.Kf6 Bh3 64.Ke7 Rd4
65.Nc6 Rxc4 66.Kd6 Rc1 67.g6 hxg6 68.Ne5 Bf5 69.Nc6 Kh7 70.Ke5 Kxh6 71.Kd5 c4
72.Kd4 c3 73.Ke5  0-1

[Event "Chess Classic ELO Open 2013"]
[Site "Baden-Baden GER"]
[Date "2013.02.07"]
[Round "1.9"]
[White "Magar,J"]
[Black "Weber,T"]
[Result "0-1"]
[WhiteElo "2075"]
[BlackElo "2380"]

1.e4 c5 2.Nf3 Nc6 3.Bb5 Na5 4.c3 a6 5.Ba4 b5 6.Bc2 d6 7.h3 Nf6 8.O-O Bb7
9.Qe2 e5 10.a4 Bc6 11.d4 Qb8 12.Nbd2 c4 13.Re1 Be7 14.axb5 axb5 15.Nf1 O-O
16.Ng3 Re8 17.Nf5 Bf8 18.dxe5 dxe5 19.Bg5 Nd7 20.Be3 h6 21.Red1 Re6 22.g4 Nc5
23.Bxc5 Bxc5 24.Rxa5 Rxa5 25.b4 cxb3 26.Bxb3 Rg6 27.N3h4 Rg5 28.Nf3 Ra3 29.Ba2 Rg6
30.N3h4 Rf6 31.g5 hxg5 32.Nf3 Rxf5 33.exf5 Rxa2 34.Qxa2 Bxf3 35.Rd7 Qe8 36.Qd2 Be7
37.Qd3 Bf6 38.Qxb5 Qc8 39.c4 Bc6  0-1

[Event "Moscow Open F 2013"]
[Site "Moscow RUS"]
[Date "2013.02.07"]
[Round "6.4"]
[White "Firat,B"]
[Black "Belous,V"]
[Result "1/2-1/2"]
[WhiteElo "2406"]
[BlackElo "2553"]

1.e4 c5 2.Nf3 Nc6 3.Bb5 d6 4.O-O Bd7 5.Re1 Nf6 6.h3 Ne5 7.a4 a6 8.Bf1 Nxf3+
9.Qxf3 e6 10.d3 Bc6 11.a5 Be7 12.Nd2 O-O 13.Nc4 Re8 14.Qg3 Qc7 15.e5 dxe5
16.Qxe5 Qxe5 17.Nxe5 Rac8 18.Nxc6 Rxc6 19.g3 Nd5 20.Ra4 Rd8 21.Bg2 Rc7  1/2-1/2

[Event "ch-TUR 2013"]
[Site "Antalya TUR"]
[Date "2013.02.08"]
[Round "10.100"]
[White "Yazici,Ugur Doga"]
[Black "Aykol,Can"]
[Result "1/2-1/2"]
[WhiteElo "1586"]
[BlackElo "1767"]

1.e4 c5 2.Nf3 Nc6 3.Bb5 g6 4.Bxc6 dxc6 5.h3 Bg7 6.d3 e5 7.O-O Qe7 8.Nbd2 Nf6
9.Nc4 Nd7 10.Re1 O-O 11.Qe2 b6 12.Be3 Ba6 13.Rad1 Rfe8 14.Nh2 Nf8 15.Ng4 h5
16.Nh2 Ne6 17.c3 Rad8 18.Nf3 Qc7 19.b3 b5 20.Nb2 Qa5 21.Qc2 Qc7 22.Ng5 Qd6
23.Nxe6 Rxe6 24.c4 Rde8 25.Rc1 Bf8 26.Red1  1/2-1/2

[Event "Moscow Open A 2013"]
[Site "Moscow RUS"]
[Date "2013.02.08"]
[Round "7.6"]
[White "Matinian,N"]
[Black "Guseinov,G"]
[Result "1/2-1/2"]
[WhiteElo "2460"]
[BlackElo "2623"]

1.e4 c5 2.Nf3 Nc6 3.Bb5 e6 4.O-O Nge7 5.c3 a6 6.Ba4 b5 7.Bc2 Bb7 8.a4 Ng6
9.Re1 c4 10.d4 cxd3 11.Qxd3 b4 12.Nbd2 Nge5 13.Nxe5 Nxe5 14.Qg3 Qc7 15.Nc4 Qxc4
16.Qxe5 Rc8 17.Bd2 Qc7 18.Qxc7 Rxc7 19.Rac1 bxc3 20.Bxc3 f6 21.Bd3 Bd6 22.Ba5 Rxc1
23.Rxc1 Ke7 24.b4 Ra8 25.Kf1 Bc6 26.Ra1 Be5 27.Ra2 Bc3 28.Ke2 Rb8 29.b5 Bxa5
30.bxc6 dxc6 31.Bxa6 Kd6 32.Bc4 Rb4 33.Kd3 e5 34.f3 Rb1 35.Bg8 h6 36.h3 Rd1+
37.Ke2 Rd4 38.Rc2 Rb4 39.Bf7 Ke7 40.Bg8 Rb8 41.Bc4 Kd6 42.Bf7 Kd7 43.Bc4 Rb1
44.Bf7 Ra1 45.Bg8 h5 46.Bf7 h4 47.Bg8 Rg1 48.Kd3 Re1 49.Bf7 Ra1 50.Ke2  1/2-1/2

[Event "ch-TUR 2013"]
[Site "Antalya TUR"]
[Date "2013.02.09"]
[Round "11.72"]
[White "Peker,Serdar"]
[Black "Koksal,R"]
[Result "1/2-1/2"]
[WhiteElo "1745"]
[BlackElo "1920"]

1.e4 c5 2.Nf3 Nc6 3.Bb5 e6 4.Nc3 Qb6 5.O-O Nge7 6.Re1 Nd4 7.Bf1 Nec6 8.a4 Be7
9.d3 O-O 10.g3 Bf6 11.Bg2 d6 12.h4 Nxf3+ 13.Bxf3 Nd4 14.Bg2 Bd7 15.a5 Qd8
16.Ne2 Nc6 17.a6 b5 18.c3 Qb6 19.Nf4 Be7 20.Nh5 e5 21.Qf3 f5 22.exf5 Rxf5
23.Qd5+ Rf7 24.Bg5 Rf8 25.f4 Bxg5 26.hxg5 Nd8 27.Kh2 Be6 28.Qe4 Bf5 29.Qe2 Re7
30.g4 Bg6 31.Bd5+ Kh8 32.f5 Bxh5 33.gxh5 Ree8 34.Qf2 Qc7 35.f6 Ne6 36.Bxe6 Rxe6
37.Qf5 Ree8 38.Rf1 Qf7 39.Kg3 gxf6 40.Qxf6+ Qxf6 41.gxf6 Re6 42.Ra5 b4 43.Kg4 Rexf6
44.Rxf6 Rxf6 45.Rb5 bxc3 46.bxc3 Kg7 47.Rb7+ Rf7 48.c4 Kf6 49.Kf3 Ke6+ 50.Ke3 h6
51.Ke2 Rd7 52.Ke3 Ke7 53.Ke4 Kd8 54.Rb8+ Kc7 55.Rh8 Rg7 56.Rxh6 Rg4+ 57.Ke3 Rh4
58.Rh7+ Kb6 59.Rd7 Kxa6 60.Rxd6+ Kb7 61.h6 a5 62.Kd2 Rh2+ 63.Kc3 a4 64.Re6 a3
65.Rxe5 Rxh6 66.Rxc5 a2 67.Kb2 Rh2+ 68.Ka1 Rd2 69.Rd5 Kc6 70.d4 Rh2 71.Rc5+ Kb6
72.Rb5+ Ka6 73.Rb2 Rh4 74.Rd2 Ka5 75.Kxa2 Kb4 76.c5 Kc3 77.Rd1 Kc2 78.c6 Kxd1
79.c7 Rh2+ 80.Kb3 Rc2 81.Kb4 Kd2 82.Kb5 Kd3 83.Kb6 Kxd4 84.Kb7 Rb2+ 85.Ka7 Rc2
86.Kb7  1/2-1/2

[Event "TCh-CAT Div Hon 2013"]
[Site "Catalonia ESP"]
[Date "2013.02.09"]
[Round "4.10"]
[White "Colon Garcia,E"]
[Black "Rivas Garcia,V"]
[Result "0-1"]
[WhiteElo "2337"]
[BlackElo "2224"]

1.e4 c5 2.Nf3 Nc6 3.Bb5 Nf6 4.Nc3 g6 5.Bxc6 dxc6 6.h3 Bg7 7.d3 O-O 8.Be3 b6
9.Qd2 e5 10.a3 Qd6 11.O-O Nh5 12.b4 cxb4 13.axb4 Qxb4 14.Rfb1 Qe7 15.Rxb6 Bxh3
16.Rxc6 Qd7 17.Nd5 Bxg2 18.Nh2 Qh3 19.Qe2 Nf4 20.Bxf4 exf4 21.Nxf4 Qd7 22.Raa6 Bh3
23.Rd6 Qc8 24.Rac6 Qb7 25.Nxh3 Be5 26.Ng4 Bxd6 27.Rxd6 a5 28.Nf6+ Kg7 29.Qe3 Qb2
30.Nf4 Qe5 31.Qg3 Qa1+ 32.Kh2 Rfd8 33.Rc6 Rac8 34.Rxc8 Rxc8 35.N6d5 Rxc2
36.Nh5+ Kh6 37.Qf4+ g5 38.Qd6+ Kxh5 39.Nf6+ Kg6 40.Ne8+ f6 41.Kg2 Qb2  0-1

[Event "17th Lienz Open 2013"]
[Site "Lienz AUT"]
[Date "2013.02.09"]
[Round "1.18"]
[White "Bauer,Va"]
[Black "Rieger,R"]
[Result "0-1"]
[WhiteElo "1787"]
[BlackElo "2124"]

1.e4 c5 2.Nf3 Nc6 3.Bb5 g6 4.Bxc6 dxc6 5.O-O Bg7 6.c3 Nf6 7.Re1 O-O 8.d4 cxd4
9.Nxd4 e5 10.Nf3 Qxd1 11.Rxd1 Nxe4 12.Re1 Nc5 13.Nxe5 Bxe5 14.Rxe5 Nd3 15.Re3 Nxc1
16.Na3 Nxa2 17.Rxa2 Be6 18.Ra1 Rfd8 19.Re2 Rd7 20.f3 Rad8 21.Rae1 Kf8 22.Kf2 Rd2
23.Nb1 R2d6 24.Na3 c5 25.Re5 b6 26.Ra1 a6 27.Ke1 Bb3 28.Re2 a5 29.Kf2 Rd2
30.Re1 b5 31.Rxd2 Rxd2+ 32.Re2 Rxe2+ 33.Kxe2 b4 34.Nb1 a4 35.Kd3 Be6 36.Kd2 Ba2
37.Kc2 Bxb1+ 38.Kxb1 Ke7 39.Kc2 Kd6 40.c4 Ke5 41.Kd3 Kf4 42.Kd2 h5 43.Kd3 h4  0-1

[Event "35th Georgi Tringov Open"]
[Site "Plovdiv BUL"]
[Date "2013.02.09"]
[Round "8.13"]
[White "Kjurkchiiski,G"]
[Black "Rombaldoni,Ax"]
[Result "0-1"]
[WhiteElo "2267"]
[BlackElo "2472"]

1.e4 c5 2.Nf3 Nc6 3.Bb5 Na5 4.O-O a6 5.Be2 e6 6.d4 cxd4 7.Nxd4 Qc7 8.a4 Nf6
9.Bf3 h6 10.Re1 e5 11.Ne2 Bc5 12.Ng3 g6 13.Be3 d6 14.Bxc5 Qxc5 15.Ra3 Be6
16.Rd3 Ke7 17.b3 Rac8 18.Re2 Qb4 19.Nf1 Rc7 20.Qd2 Nc6 21.Rc3 Qb6 22.Ree3 Rhc8
23.Red3 Nd4 24.Ne3 Rxc3 25.Rxc3 Rxc3 26.Nxc3 Qc5 27.a5 Nc6 28.Ned5+ Bxd5
29.exd5 Nd4 30.Bd1 Qxa5 31.h3 Nb5 32.Ne4 Qxd2 33.Nxd2 Nc3 34.Bf3 e4  0-1

[Event "TCh-LTU 2013"]
[Site "Taujenai LTU"]
[Date "2013.02.09"]
[Round "3.3"]
[White "Rimeikis,A"]
[Black "Stremavicius,T"]
[Result "1-0"]
[WhiteElo "2104"]
[BlackElo "2185"]

1.e4 c5 2.Nf3 Nc6 3.Bb5 g6 4.Bxc6 dxc6 5.h3 Bg7 6.O-O Nh6 7.d3 f6 8.Be3 b6
9.a4 a5 10.Nbd2 e5 11.Nc4 Ra6 12.Nfd2 Nf7 13.Qe2 O-O 14.Kh1 Re8 15.f3 Qe7
16.Qf2 Bf8 17.f4 exf4 18.Bxf4 Be6 19.Be3 Bg7 20.Nxb6 f5 21.Bxc5 Qd8 22.exf5 Bxf5
23.Nbc4 Qd5 24.Rae1 Rxe1 25.Rxe1 Qd8 26.Ne4 Bxe4 27.Rxe4 Ra8 28.d4 Rb8 29.b3 Ng5
30.Re1 Qd5 31.Qf4 Rd8 32.Nb6 Qf5 33.Qxf5 gxf5 34.Rf1 Ne4 35.Kh2 Nxc5 36.dxc5 Be5+
37.Kh1 Bc7 38.Kg1 Rd2 39.Rf2 Rd1+ 40.Rf1 Rd2 41.Rxf5 Rxc2 42.Nc4 Rc3 43.Rf3 Rxf3
44.gxf3 Kf7 45.Kf2 Ke6 46.Nb6 Kf5 47.Ke3 Ke5 48.Nd7+ Kd5 49.f4 Ke6 50.Nf8+ Kf5
51.Nxh7 Bxf4+ 52.Kd3 Kg6 53.Nf8+ Kf7 54.Nd7 Ke6 55.Nb6 Bg3 56.Kc4 Be1 57.Nc8 Kd7
58.Nd6 Ke6 59.Ne4 Kf5 60.Kd4 Bh4 61.Nd6+ Ke6 62.Ne4 Kf5 63.Nd2 Be1 64.Nf3 Bf2+
65.Kc4 Ke4 66.Nd2+ Kf5 67.Nb1 Be1 68.Na3 Ke6 69.Nc2 Bg3 70.Nd4+ Kd7 71.Nf5 Bf4
72.h4 Ke6 73.Nd4+ Kd7 74.Nc2 Kc7 75.b4 axb4 76.Nxb4 Bd2 77.h5 Bh6 78.a5 Kb7
79.a6+ Ka7 80.Nxc6+ Kxa6 81.Nd8  1-0

[Event "TCh-CZE Div1 Vychod 2012-13"]
[Site "Czech Republic CZE"]
[Date "2013.02.10"]
[Round "7.3"]
[White "Karlik,V"]
[Black "Zwardon,V"]
[Result "1/2-1/2"]
[WhiteElo "2306"]
[BlackElo "2408"]

1.Nf3 c5 2.e4 Nc6 3.Bb5 g6 4.Bxc6 dxc6 5.h3 Bg7 6.O-O Nf6 7.d3 O-O 8.Nc3 b6
9.Be3 e5 10.Qd2 Qc7 11.Bh6 Nh5 12.Ne2 Nf4 13.Bxg7 Nxe2+ 14.Qxe2 Kxg7 15.Qe3 Be6
16.Nd2  1/2-1/2

[Event "TCh-FIN SM 2012-13"]
[Site "Joensuu FIN"]
[Date "2013.02.10"]
[Round "11.5"]
[White "Pulkkinen,K"]
[Black "Saastamoinen,A"]
[Result "1-0"]
[WhiteElo "2260"]
[BlackElo "2135"]

1.e4 c5 2.Nf3 Nc6 3.Bb5 g6 4.O-O Bg7 5.Re1 Nf6 6.e5 Nd5 7.Nc3 Nxc3 8.dxc3 O-O
9.Qd5 Qb6 10.a4 a6 11.Bf1 Nd8 12.Bg5 Re8 13.a5 Qc6 14.Qd2 Ne6 15.Bh6 d5 16.exd6 Qxd6
17.Qe3 Bxh6 18.Qxh6 Qf4 19.Qxf4 Nxf4 20.g3 Ne6 21.Ne5 Rd8 22.Rad1 Kf8 23.Bg2 Rxd1
24.Rxd1 Ke8 25.f4 Rb8 26.Kf2 f6 27.Nc4 Bd7 28.Re1 Nd8 29.Nb6 Bc6 30.Bh3 Nf7
31.Rd1 Rd8 32.Rxd8+ Kxd8 33.Be6 Nd6 34.Ke3 h6 35.b3 Nb5 36.Na4 Na3 37.Nxc5 Nxc2+
38.Kd2 Na3 39.c4 Kc7 40.Kc3 Kd6 41.b4 b6 42.axb6 a5 43.b7  1-0

[Event "17th Lienz Open 2013"]
[Site "Lienz AUT"]
[Date "2013.02.10"]
[Round "2.24"]
[White "Pruell,L"]
[Black "Vergeiner,F"]
[Result "1-0"]
[WhiteElo "1915"]
[BlackElo "2091"]

1.e4 c5 2.Nf3 Nc6 3.Bb5 a6 4.Bxc6 dxc6 5.d3 Nf6 6.Be3 e6 7.h3 Be7 8.Nc3 Qc7
9.O-O h6 10.Na4 Nd7 11.Qd2 b5 12.Nc3 g5 13.Rfe1 e5 14.Ne2 Nb6 15.Ng3 Be6
16.Qc3 Nd7 17.Nf5 Bxf5 18.exf5 O-O-O 19.Bd2 f6 20.Qa5 Qxa5 21.Bxa5 Rdg8 22.g4 Bd8
23.Bxd8 Rxd8 24.Nd2 Kc7 25.a4 Ra8 26.a5 Rab8 27.Ne4 c4 28.Re3 cxd3 29.Rxd3 Rbd8
30.b4 h5 31.f3 hxg4 32.fxg4 Nb8 33.Rad1 Rxd3 34.Rxd3 Nd7 35.Kg2 Rf8 36.Rd6 c5
37.Rxa6 cxb4 38.Ra7+ Kc6 39.Ra6+ Kd5 40.Kf3 Nb8 41.Rd6+ Kc4 42.a6 Nxa6 43.Rxa6 b3
44.Nd6+ Kb4 45.cxb3 Rd8 46.Rb6 Kc5 47.Nb7+  1-0

[Event "ch-CUB Men Final 2013"]
[Site "Santa Clara CUB"]
[Date "2013.02.10"]
[Round "4.4"]
[White "Hernandez Carmenates,Hold"]
[Black "Espinosa Veloz,E"]
[Result "1-0"]
[WhiteElo "2541"]
[BlackElo "2452"]

1.e4 c5 2.Nf3 Nc6 3.Bb5 e6 4.Bxc6 bxc6 5.b3 Ne7 6.Bb2 Ng6 7.h4 h5 8.d3 d6
9.e5 dxe5 10.g3 f6 11.Qe2 c4 12.dxc4 Kf7 13.Nbd2 Be7 14.O-O-O Qc7 15.Ne4 c5
16.Ne1 Bb7 17.f3 f5 18.Nd2 e4 19.fxe4 Qxg3 20.Nd3 fxe4 21.Rhf1+ Ke8 22.Nxe4 Qg4
23.Qxg4 hxg4 24.Ndxc5 Bxc5 25.Nxc5 Bf3 26.Rde1 Nf4 27.Bxg7 Rxh4 28.Be5 Ng2
29.Bg3 Rh5 30.Rxe6+ Kf7 31.Re5 Rah8 32.Rxh5 Rxh5 33.Nd3 Kg8 34.Ne5 Rh3 35.Nxf3 Rxg3
36.Ne5 Ne3 37.Re1 Nf5 38.c5 Rg2 39.Re4 g3 40.c6 Nd6 41.c7 Kg7 42.Rd4 Nc8
43.Rd8  1-0

[Event "TCh-LTU 2013"]
[Site "Taujenai LTU"]
[Date "2013.02.10"]
[Round "5.5"]
[White "Novikov,Vit"]
[Black "Steponavicius,S"]
[Result "1/2-1/2"]
[WhiteElo "2322"]
[BlackElo "2196"]

1.e4 c5 2.Nf3 Nc6 3.Bb5 e6 4.Bxc6 bxc6 5.O-O d6 6.Re1 e5 7.c3 Ne7 8.d4 Ng6
9.dxe5 dxe5 10.Qxd8+ Kxd8 11.c4 f6 12.Nc3 Bg4 13.Be3 Bxf3 14.gxf3 Nh4 15.Red1+ Kc7
16.f4 Nf3+ 17.Kg2 Nd4 18.Bxd4 cxd4 19.Ne2 Bd6 20.fxe5 fxe5 21.Nc1 Rhf8 22.Nd3 c5
23.b4 cxb4 24.c5 Be7 25.Rac1 a5 26.Nxe5 Rae8 27.Nc4 Bg5 28.Rc2 Rxe4 29.Nxa5 Rg4+
30.Kf1 Be3 31.Nb3 Rgf4 32.Kg2 Rxf2+ 33.Rxf2 Rxf2+ 34.Kg3 Rxa2 35.Nxd4 Bxd4
36.Rxd4 b3 37.Rb4 b2 38.Rb6 g6 39.h4 h5 40.Kh3 Kd7 41.Kg3 Ra3+ 42.Kg2 Ra4
43.Kh3 Ra3+ 44.Kg2 Ra2 45.Kg3 Kc7 46.Kh3 Ra3+  1/2-1/2

[Event "Horodok-800 years IM"]
[Site "Horodok UKR"]
[Date "2013.02.11"]
[Round "1"]
[White "Sevostianov,P"]
[Black "Grekh,A"]
[Result "1/2-1/2"]
[WhiteElo "2305"]
[BlackElo "2373"]

1.Nf3 c5 2.e4 Nc6 3.Bb5 g6 4.Bxc6 dxc6 5.h3 Bg7 6.d3 e5 7.O-O Qd6 8.Nbd2 Be6
9.b3 Nf6 10.Bb2 Nh5 11.Nc4 Bxc4 12.bxc4 O-O 13.a4 b6 14.Re1  1/2-1/2